[Event "WSCC 65 Open 2017"]
[Site "?"]
[Date "2017.11.18"]
[Round "11"]
[White "Povah, Nigel E"]
[Black "Okhotnik, Vladimir"]
[Result "0-1"]
[WhiteElo "2295"]
[BlackElo "2434"]
[Annotator "TA"]
[PlyCount "64"]
[EventDate "2017.??.??"]
[EventType "swiss"]
[EventCountry "ITA"]
[SourceTitle "Acqui Terme"]

{[%evp 19,64,0,10,-10,-2,0,-3,-23,-21,-52,9,-71,-52,-83,-103,-168,-134,-274,-262,-304,-287,-304,-307,-292,-151,-133,-148,-297,-270,-303,-294,-335,-343,-339,-334,-379,-349,-803,-634,-1686,-1659,-1610,-1590,-1535,-1508,-1796,-1752]} 1. d4 Nf6 2. Bg5 d5 3. Bxf6 gxf6 4. c4 dxc4 5. e3 {[%cal Be2e3,Be3d4,Bd4d5][%mdl 32]} c5 6. Bxc4 {D00: 1 d4 d5: Unusual lines} cxd4 7. exd4 Bg7 8. Nc3 Nc6 9. Nge2 O-O 10. O-O f5 {[%cal Rc6d4] LiveBook: 12 Games} 11. d5 Ne5 12. Bb3 Qd6 13. h3 $146 Bd7 14. f4 Nc4 (14... Ng6 $15) 15. Rf3 (15. Bxc4 $11 {was the only way to keep the balance.} Qc5+ 16. Rf2 Qxc4 17. Rf3) 15... Nxb2 16. Qc2 {[#]} Nc4 $1 $36 {[%mdl 2560] White is under strong pressure.} 17. Ng3 (17. Bxc4 $17 {is a better defense.} Qc5+ 18. Kh2 Qxc4 19. Rd1) 17... Qc5+ 18. Kh2 (18. Kh1 $17 {only move.}) 18... Ne3 $19 19. Qf2 {[#]} Bd4 $1 {Threatens to win with ...Ng4+!} ({Weaker is} 19... Bxc3 20. Rc1 $15) ({Not} 19... Qxc3 20. Rh1 $17) 20. Qe2 {Now Rc1 and White clings on.} Qxc3 ({Less strong is} 20... Bxc3 21. Rc1 $17) 21. Rd1 Qc5 (21... Nxd1 $19 22. Rxc3 Nxc3 23. Qxe7 Rad8) 22. Rxd4 $17 Qxd4 23. Rxe3 (23. Nh5 $17) 23... Qxf4 $19 24. Rf3 Qd6 25. Kg1 Rac8 {[%cal Ba8c8,Bc8c1,Bc1c7][%mdl 32]} 26. Qd2 Kh8 27. Qd4+ e5 {[%cal Be7e5,Be5e4][%mdl 32]} 28. Qxa7 $2 (28. Qb2) 28... Rc1+ {Black is clearly winning.} 29. Kf2 b6 30. Ne2 e4 31. Re3 Bb5 {...Rg8! is the strong threat.} 32. g3 Rc7 {Precision: White = 23%, Black = 74%.} 0-1

[Event "WSCC 65 Open 2017"]
[Site "?"]
[Date "2017.11.18"]
[Round "11"]
[White "Stepovoj, Vladimir"]
[Black "Vasiukov, Evgeni"]
[Result "0-1"]
[WhiteElo "2265"]
[BlackElo "2404"]
[PlyCount "64"]
[EventDate "2017.??.??"]
[EventType "swiss"]
[EventCountry "ITA"]
[SourceTitle "Acqui Terme"]
[TimeControl "40/5400+30:1800+30"]
[WhiteClock "0:02:55"]
[BlackClock "0:34:13"]

1. d4 {[%emt 0:00:00]} Nf6 {[%emt 0:00:16]} 2. Nf3 {[%emt 0:00:00]} c5 {[%emt 0:00:11]} 3. d5 {[%emt 0:03:28]} g6 {[%emt 0:04:48]} 4. Nc3 {[%emt 0:01:14]} Bg7 {[%emt 0:00:03]} 5. e4 {[%emt 0:00:14]} O-O {[%emt 0:01:25]} 6. Be2 {[%emt 0:00:10]} d6 {[%emt 0:06:19]} 7. O-O {[%emt 0:01:01]} Na6 {[%emt 0:00:32]} 8. Nd2 {[%emt 0:00:54]} Nc7 {[%emt 0:00:16]} 9. a4 {[%emt 0:00:08]} b6 {[%emt 0:02:51]} 10. Nc4 {[%emt 0:12:47]} Ba6 {[%emt 0:04:12]} 11. Ne3 {[%emt 0:01:41]} Bxe2 {[%emt 0:02:23]} 12. Qxe2 {[%emt 0:00:02]} Re8 {[%emt 0:02:34]} 13. Rd1 {[%emt 0:03:28]} a6 {[%emt 0:01:34]} 14. f4 {[%emt 0:07:35]} e6 {[%emt 0:07:36]} 15. Qf3 {[%emt 0:14:50]} exd5 {[%emt 0:03:35]} 16. Nexd5 {[%emt 0:00:45]} Ncxd5 {[%emt 0:03:43]} 17. exd5 {[%emt 0:00:23]} Qd7 {[%emt 0:00:42]} 18. Ne2 {[%emt 0:17:51]} Re7 {[%emt 0:02:02]} 19. Ng3 {[%emt 0:02:29]} Rae8 {[%emt 0:01:11]} 20. f5 {[%emt 0:06:27]} Re1+ {[%emt 0:01:46]} 21. Rxe1 {[%emt 0:02:53]} Rxe1+ {[%emt 0:00:07]} 22. Kf2 {[%emt 0:00:08]} Qe7 {[%emt 0:06:29]} 23. Ne2 {[%emt 0:01:37]} Rd1 {[%emt 0:01:00]} 24. g3 {[%emt 0:03:59]} Rxd5 {[%emt 0:04:27]} 25. fxg6 {[%emt 0:04:44]} hxg6 {[%emt 0:00:14]} 26. Kg2 {[%emt 0:01:07]} Rf5 {[%emt 0:01:17]} 27. Bf4 {[%emt 0:02:11]} g5 {[%emt 0:04:41]} 28. g4 {[%emt 0:06:22]} Rxf4 {[%emt 0:00:10]} 29. Nxf4 {[%emt 0:00:02]} gxf4 {[%emt 0:00:01]} 30. Rf1 {[%emt 0:00:38]} Qe6 {[%emt 0:01:18]} 31. h3 {[%emt 0:03:48]} Nd5 {[%emt 0:02:05]} 32. Kh1 {[%emt 0:00:09]} Bxb2 {[%emt 0:02:29]} 0-1

[Event "WSCC 65 Open 2017"]
[Site "?"]
[Date "2017.11.18"]
[Round "11"]
[White "Primbetov, Marat"]
[Black "Frick, Christoph"]
[Result "1-0"]
[WhiteElo "2222"]
[BlackElo "2230"]
[PlyCount "142"]
[EventDate "2017.??.??"]
[EventType "swiss"]
[EventCountry "ITA"]
[SourceTitle "Acqui Terme"]
[TimeControl "40/5400+30:1800+30"]
[WhiteClock "0:03:34"]
[BlackClock "0:04:36"]

1. e4 {[%emt 0:00:00]} c6 {[%emt 0:00:05]} 2. d3 {[%emt 0:01:04]} d5 {[%emt 0:00:42]} 3. Nd2 {[%emt 0:00:10]} e5 {[%emt 0:00:49]} 4. Ngf3 {[%emt 0:00:40]} Bd6 {[%emt 0:00:14]} 5. d4 {[%emt 0:04:09]} exd4 {[%emt 0:01:35]} 6. exd5 {[%emt 0:05:03]} Nf6 {[%emt 0:00:43]} 7. dxc6 {[%emt 0:02:56]} Nxc6 {[%emt 0:01:24]} 8. Be2 {[%emt 0:01:02]} O-O {[%emt 0:01:12]} 9. O-O {[%emt 0:00:18]} Re8 {[%emt 0:11:27]} 10. Re1 {[%emt 0:04:05]} Bg4 {[%emt 0:02:31]} 11. h3 {[%emt 0:10:03]} Bh5 {[%emt 0:01:52]} 12. Nh4 {[%emt 0:02:01]} d3 {[%emt 0:25:58]} 13. cxd3 {[%emt 0:07:21]} Bxe2 {[%emt 0:08:34]} 14. Rxe2 {[%emt 0:01:13]} Rxe2 {[%emt 0:01:25]} 15. Qxe2 {[%emt 0:00:05]} Nd4 {[%emt 0:04:35]} 16. Qd1 {[%emt 0:04:37]} Rc8 {[%emt 0:04:09]} 17. Nc4 {[%emt 0:01:13]} Bb8 {[%emt 0:02:49]} 18. Be3 {[%emt 0:05:20]} b5 {[%emt 0:02:13]} 19. Bxd4 {[%emt 0:01:34]} Qxd4 {[%emt 0:04:05]} 20. Nf5 {[%emt 0:05:36]} Qd7 {[%emt 0:02:48]} 21. Nce3 {[%emt 0:01:56]} g6 {[%emt 0:02:10]} 22. Nh6+ {[%emt 0:01:58]} Kg7 {[%emt 0:00:16]} 23. Qd2 {[%emt 0:02:59]} Kf8 {[%emt 0:08:58]} 24. Nhg4 {[%emt 0:08:57]} Nh5 {[%emt 0:00:48]} 25. Nf1 {[%emt 0:05:45]} Nf4 {[%emt 0:01:22]} 26. Rd1 {[%emt 0:03:21]} h5 {[%emt 0:01:56]} 27. Ngh2 {[%emt 0:05:12]} Rd8 {[%emt 0:01:32]} 28. Nf3 {[%emt 0:01:02]} Qd5 {[%emt 0:00:33]} 29. h4 {[%emt 0:06:08]} Kg8 {[%emt 0:01:01]} 30. Ne3 {[%emt 0:00:50]} Qxa2 {[%emt 0:00:14]} 31. Qb4 {[%emt 0:00:45]} Qe6 {[%emt 0:02:16]} 32. Qxb5 {[%emt 0:00:32]} Bc7 {[%emt 0:00:10]} 33. Qc4 {[%emt 0:00:28]} Qd6 {[%emt 0:01:50]} 34. Ng5 {[%emt 0:00:53]} Rd7 {[%emt 0:00:10]} 35. g3 {[%emt 0:02:20]} Ne2+ {[%emt 0:00:10]} 36. Kf1 {[%emt 0:00:05]} Nd4 {[%emt 0:00:05]} 37. Ne4 {[%emt 0:00:36]} Qe5 {[%emt 0:01:06]} 38. f4 {[%emt 0:02:40]} Qe7 {[%emt 0:02:09]} 39. Nd5 {[%emt 0:00:17]} Rxd5 {[%emt 0:00:39]} 40. Qxd5 {[%emt 0:00:02]} Nf5 {[%emt 0:30:05]} 41. Re1 {[%emt 0:32:35]} Kg7 {[%emt 0:00:00]} 42. Re2 {[%emt 0:00:00]} Kh6 {[%emt 0:00:00]} 43. Qa8 {[%emt 0:00:00]} Bd8 44. Qb8 {[%emt 0:00:00]} Qd7 {[%emt 0:00:00]} 45. Qe5 {[%emt 0:00:00]} Kh7 {[%emt 0:00:00]} 46. Qc3 {[%emt 0:00:00]} Nd4 {[%emt 0:00:00]} 47. Rg2 {[%emt 0:00:00]} Nf5 {[%emt 0:00:00]} 48. Ke1 {[%emt 0:00:22]} Ne3 {[%emt 0:00:21]} 49. Re2 {[%emt 0:00:16]} Nd5 {[%emt 0:00:16]} 50. Qe5 {[%emt 0:00:19]} Nb4 {[%emt 0:03:16]} 51. Qd6 {[%emt 0:01:02]} Nxd3+ {[%emt 0:01:17]} 52. Kd2 {[%emt 0:00:05]} Qxd6 {[%emt 0:01:21]} 53. Nxd6 {[%emt 0:00:02]} Nxb2 {[%emt 0:00:08]} 54. Nxf7 {[%emt 0:00:36]} Bf6 {[%emt 0:00:11]} 55. Re4 {[%emt 0:00:18]} a5 {[%emt 0:00:16]} 56. Kc2 {[%emt 0:00:26]} a4 {[%emt 0:00:13]} 57. Ne5 {[%emt 0:00:19]} a3 {[%emt 0:00:13]} 58. Rd4 {[%emt 0:00:07]} Kg7 {[%emt 0:00:39]} 59. Kb3 {[%emt 0:00:12]} Be7 {[%emt 0:00:13]} 60. Nc6 {[%emt 0:01:15]} Bf8 {[%emt 0:01:10]} 61. Nb4 {[%emt 0:00:42]} Bc5 {[%emt 0:00:33]} 62. Rd7+ {[%emt 0:00:33]} Kf6 {[%emt 0:00:08]} 63. Kxa3 {[%emt 0:01:03]} Ke6 {[%emt 0:01:25]} 64. Rd8 {[%emt 0:01:29]} Nc4+ {[%emt 0:00:33]} 65. Ka4 {[%emt 0:00:26]} Ne3 {[%emt 0:00:52]} 66. Kb5 {[%emt 0:00:26]} Bd6 {[%emt 0:00:26]} 67. Re8+ {[%emt 0:01:05]} Be7 {[%emt 0:00:16]} 68. Nc6 {[%emt 0:01:08]} Nf5 {[%emt 0:00:06]} 69. Nxe7 {[%emt 0:00:32]} Nxe7 {[%emt 0:00:04]} 70. Kc5 {[%emt 0:00:27]} Kf6 {[%emt 0:00:16]} 71. Rb8 {[%emt 0:00:55]} Kf5 {[%emt 0:00:31] Kd5 Ke4+} 1-0

[Event "WSCC 65 Open 2017"]
[Site "?"]
[Date "2017.11.18"]
[Round "11"]
[White "Hartung-Nielsen, Jens"]
[Black "Lisenko, Alexander V"]
[Result "0-1"]
[WhiteElo "2204"]
[BlackElo "2372"]
[PlyCount "130"]
[EventDate "2017.??.??"]
[EventType "swiss"]
[EventCountry "ITA"]
[SourceTitle "Acqui Terme"]
[TimeControl "40/5400+30:1800+30"]

1. e4 c5 2. d4 cxd4 3. c3 d5 4. exd5 Qxd5 5. cxd4 Nc6 6. Nf3 e6 7. Nc3 Bb4 8. Bd2 Qd8 9. Bc4 Nge7 10. Ne4 O-O 11. O-O Bxd2 12. Qxd2 b6 13. Rad1 Bb7 14. Rfe1 Rc8 15. Qe2 Na5 16. Bd3 Qd5 17. b4 Nac6 18. Bc4 Qd8 19. a3 h6 20. Qa2 Kh8 21. Ng3 Qc7 22. Bb3 a5 23. b5 Na7 24. a4 Bxf3 25. gxf3 Qf4 26. Rd3 Rc1 27. Rxc1 Qxc1+ 28. Rd1 Qf4 29. Qe2 Nac8 30. Qe4 Qd6 31. f4 Qb4 32. Bc2 g6 33. Qe5+ Kg8 34. h4 Qd6 35. Ne4 Qxe5 36. fxe5 Rd8 37. Bb3 Kg7 38. Nf6 Nf5 39. d5 Nxh4 40. Rd3 exd5 41. Nxd5 Ne7 42. f4 g5 43. fxg5 hxg5 44. Nf4 Rxd3 45. Nxd3 Nf3+ 46. Kf2 Nd4 47. Bd1 Nd5 48. Nb2 Kg6 49. Bg4 Nf5 50. Nc4 Nd4 51. Bc8 Ne6 52. Bb7 Nef4 53. Bc8 Nd3+ 54. Kf3 Nc5 55. Nb2 Nc3 56. Kg4 N5xa4 57. Nc4 Nxb5 58. Bf5+ Kh6 59. Bc2 Nbc3 60. Nd6 Kg7 61. Kxg5 Nc5 62. Nc4 Nd7 63. Kf5 Nd5 64. Ba4 Nc5 65. Kg5 Nxa4 0-1

[Event "WSCC 65 Open 2017"]
[Site "?"]
[Date "2017.11.18"]
[Round "11"]
[White "Privara, Igor"]
[Black "Rooze, Jan"]
[Result "0-1"]
[WhiteElo "2184"]
[BlackElo "2314"]
[PlyCount "76"]
[EventDate "2017.??.??"]
[EventType "swiss"]
[EventCountry "ITA"]
[SourceTitle "Acqui Terme"]
[TimeControl "40/5400+30:1800+30"]
[WhiteClock "0:03:27"]
[BlackClock "0:03:47"]

1. e4 {[%emt 0:00:00]} c5 {[%emt 0:00:06]} 2. c3 {[%emt 0:00:00]} Nf6 {[%emt 0:00:09]} 3. e5 {[%emt 0:00:02]} Nd5 {[%emt 0:00:08]} 4. Nf3 {[%emt 0:00:08]} e6 {[%emt 0:00:17]} 5. Bc4 {[%emt 0:00:41]} d6 {[%emt 0:01:34]} 6. d4 {[%emt 0:01:04]} cxd4 {[%emt 0:00:06]} 7. cxd4 {[%emt 0:00:04]} Be7 {[%emt 0:00:05]} 8. O-O {[%emt 0:00:39]} O-O {[%emt 0:00:14]} 9. Qe2 {[%emt 0:01:32]} b6 {[%emt 0:03:04]} 10. Nc3 {[%emt 0:05:03]} Nxc3 {[%emt 0:00:26]} 11. bxc3 {[%emt 0:00:09]} Bb7 {[%emt 0:00:07]} 12. Re1 {[%emt 0:03:49]} Qc7 {[%emt 0:07:22]} 13. Bd3 {[%emt 0:24:02]} Nd7 {[%emt 0:20:16]} 14. Bf4 {[%emt 0:14:42]} Rfe8 {[%emt 0:08:09]} 15. Rad1 {[%emt 0:07:18]} Rac8 {[%emt 0:06:14]} 16. c4 {[%emt 0:02:17]} d5 {[%emt 0:11:59]} 17. Rc1 {[%emt 0:01:33]} dxc4 {[%emt 0:00:12]} 18. Bxc4 {[%emt 0:00:33]} Qb8 {[%emt 0:00:38]} 19. Qe3 {[%emt 0:07:19]} Qa8 {[%emt 0:01:34]} 20. h4 {[%emt 0:05:06]} a6 {[%emt 0:03:53]} 21. h5 {[%emt 0:02:51]} b5 {[%emt 0:07:23]} 22. Bb3 {[%emt 0:00:33]} Nb6 {[%emt 0:01:52]} 23. Bg5 {[%emt 0:03:16]} Bb4 {[%emt 0:06:51]} 24. Nd2 {[%emt 0:04:29]} Rxc1 {[%emt 0:02:55]} 25. Rxc1 {[%emt 0:00:08]} Rc8 {[%emt 0:00:04]} 26. Rxc8+ {[%emt 0:00:42]} Qxc8 {[%emt 0:00:08]} 27. Ne4 {[%emt 0:00:46]} Qc6 {[%emt 0:01:50]} 28. f3 {[%emt 0:01:03]} Nd5 {[%emt 0:02:58]} 29. Qf2 {[%emt 0:01:47]} h6 {[%emt 0:04:07]} 30. Bd2 {[%emt 0:01:51]} Bf8 {[%emt 0:00:18]} 31. Qg3 {[%emt 0:01:18]} Kh8 {[%emt 0:01:33]} 32. Qg4 {[%emt 0:02:16]} Qb6 {[%emt 0:00:56]} 33. Nc3 {[%emt 0:01:50]} Ne7 {[%emt 0:01:47]} 34. Qf4 {[%emt 0:01:09]} Kg8 {[%emt 0:01:37]} 35. Kh1 {[%emt 0:00:55]} b4 {[%emt 0:02:05]} 36. Ne2 {[%emt 0:02:56]} Qb5 {[%emt 0:00:54]} 37. Qe3 {[%emt 0:01:02]} Nf5 {[%emt 0:00:13]} 38. Qf2 {[%emt 0:00:40]} Qxe2 {[%emt 0:01:39]} 0-1

[Event "WSCC 65 Open 2017"]
[Site "?"]
[Date "2017.11.18"]
[Round "11"]
[White "Yakimenko, Alexander A"]
[Black "Malisov, Boris"]
[Result "0-1"]
[WhiteElo "2115"]
[BlackElo "2240"]
[PlyCount "123"]
[EventDate "2017.??.??"]
[EventType "swiss"]
[EventCountry "ITA"]
[SourceTitle "Acqui Terme"]
[TimeControl "40/5400+30:1800+30"]
[WhiteClock "0:01:15"]
[BlackClock "0:01:55"]

1. d4 {[%emt 0:00:00]} c5 {[%emt 0:00:57]} 2. d5 {[%emt 0:00:00]} Nf6 {[%emt 0:00:08]} 3. Nc3 {[%emt 0:00:21]} g6 {[%emt 0:00:09]} 4. e4 {[%emt 0:00:17]} Bg7 {[%emt 0:00:43]} 5. e5 {[%emt 0:05:07]} Ng8 {[%emt 0:00:19]} 6. Nf3 {[%emt 0:00:32]} d6 {[%emt 0:14:22]} 7. Bb5+ {[%emt 0:04:09]} Kf8 {[%emt 0:02:54]} 8. Bf4 {[%emt 0:09:43]} a6 {[%emt 0:02:03]} 9. Be2 {[%emt 0:00:40]} dxe5 {[%emt 0:14:28]} 10. Bxe5 {[%emt 0:02:35]} Nd7 {[%emt 0:01:10]} 11. Bf4 {[%emt 0:07:10]} Nh6 {[%emt 0:06:41]} 12. h4 {[%emt 0:06:21]} b6 {[%emt 0:04:32]} 13. h5 {[%emt 0:08:15]} Bb7 {[%emt 0:03:40]} 14. Qd2 {[%emt 0:01:28]} Nf5 {[%emt 0:03:42]} 15. O-O-O {[%emt 0:05:23]} Nd4 {[%emt 0:03:59]} 16. Bh6 {[%emt 0:06:40]} Nxe2+ {[%emt 0:01:33]} 17. Nxe2 {[%emt 0:00:56]} Nf6 {[%emt 0:00:31]} 18. Bxg7+ {[%emt 0:00:44]} Kxg7 {[%emt 0:00:02]} 19. h6+ {[%emt 0:00:14]} Kf8 {[%emt 0:00:42]} 20. Nf4 {[%emt 0:00:35]} Qd6 {[%emt 0:02:13]} 21. Rhe1 {[%emt 0:05:16]} Rd8 {[%emt 0:02:37]} 22. c4 {[%emt 0:01:20]} b5 {[%emt 0:01:15]} 23. Ne5 {[%emt 0:04:37]} Rg8 {[%emt 0:06:05]} 24. g3 {[%emt 0:09:20]} Bc8 {[%emt 0:03:52]} 25. Qa5 {[%emt 0:00:56]} Re8 {[%emt 0:01:33]} 26. cxb5 {[%emt 0:02:24]} axb5 {[%emt 0:00:32]} 27. Qxb5 {[%emt 0:00:29]} Ba6 {[%emt 0:04:08]} 28. Qa4 {[%emt 0:03:36]} g5 {[%emt 0:01:21]} 29. Nh5 {[%emt 0:00:57]} Bc8 {[%emt 0:06:09]} 30. Ng7 {[%emt 0:01:24]} Rd8 {[%emt 0:01:07]} 31. Nc6 {[%emt 0:01:54]} Bd7 {[%emt 0:03:16]} 32. Qa5 {[%emt 0:00:40]} Rc8 {[%emt 0:01:21]} 33. Nxe7 {[%emt 0:01:04]} Rb8 {[%emt 0:00:49]} 34. Nxg8 {[%emt 0:02:46]} Kxg8 {[%emt 0:00:54]} 35. Qd2 {[%emt 0:04:55]} Ng4 {[%emt 0:04:51]} 36. Ne6 {[%emt 0:00:39]} f6 {[%emt 0:00:52]} 37. f4 {[%emt 0:02:19]} c4 {[%emt 0:00:42]} 38. Qc3 {[%emt 0:00:36]} gxf4 39. Nxf4 {[%emt 0:01:25]} Ne5 {[%emt 0:01:59]} 40. Kb1 {[%emt 0:01:33]} Bf5+ {[%emt 0:30:12]} 41. Ka1 {[%emt 0:29:40]} Ra8 {[%emt 0:00:00]} 42. Ne6 {[%emt 0:00:00]} Qa6 {[%emt 0:00:00]} 43. a3 {[%emt 0:00:00]} Qd6 44. Rd4 {[%emt 0:00:00]} Bd3 {[%emt 0:00:00]} 45. Rf4 {[%emt 0:00:00]} Qe7 {[%emt 0:01:59]} 46. Nd4 {[%emt 0:00:00]} Qd6 {[%emt 0:01:07]} 47. Nc6 {[%emt 0:00:42]} Nd7 {[%emt 0:00:49]} 48. Re6 {[%emt 0:01:09]} Qc5 {[%emt 0:00:08]} 49. Re1 {[%emt 0:01:21]} Qd6 {[%emt 0:00:30]} 50. Rxc4 {[%emt 0:01:17]} Bxc4 {[%emt 0:00:26]} 51. Qxc4 {[%emt 0:00:01]} Qxg3 {[%emt 0:00:41]} 52. Qb4 {[%emt 0:00:29]} Kh8 {[%emt 0:00:58]} 53. Re7 {[%emt 0:00:38]} Qh3 {[%emt 0:00:25]} 54. Qe4 {[%emt 0:00:56]} Nf8 {[%emt 0:00:41]} 55. Ka2 {[%emt 0:00:19]} Qxh6 {[%emt 0:00:41]} 56. d6 {[%emt 0:00:14]} Qd2 {[%emt 0:00:39]} 57. Qd4 {[%emt 0:01:04]} Qxd4 {[%emt 0:00:07]} 58. Nxd4 {[%emt 0:00:02]} Rd8 {[%emt 0:00:02]} 59. Nf5 {[%emt 0:00:44]} Rd7 {[%emt 0:01:16]} 60. a4 {[%emt 0:00:17]} h5 {[%emt 0:00:07]} 61. a5 {[%emt 0:00:16]} h4 {[%emt 0:00:06]} 62. Rxd7 {[%emt 0:01:16]} 0-1